RESENDRA SARA SANGRAH (Record no. 8617)

MARC details
000 -LEADER
fixed length control field 00286nam a22001337a 4500
003 - CONTROL NUMBER IDENTIFIER
control field SGT
082 ## - DEWEY DECIMAL CLASSIFICATION NUMBER
Classification number 612.015
Item number R12S
100 ## - MAIN ENTRY--PERSONAL NAME
Personal name SURESH, PARIMI
245 ## - TITLE STATEMENT
Title RESENDRA SARA SANGRAH
260 ## - PUBLICATION, DISTRIBUTION, ETC. (IMPRINT)
Place of publication, distribution, etc VARANASI
Name of publisher, distributor, etc CHAUKHAMBHA PUB
Year of Publication 2012
300 ## - PAGE DESCRIPTION
No. of Pages 1112
650 ## - SUBJECT ADDED ENTRY--TOPICAL TERM
Topical term or geographic name as entry element AYURVEDA
942 ## - ADDED ENTRY ELEMENTS (KOHA)
Source of classification or shelving scheme Dewey Decimal Classification
Koha item type Books
Holdings
Withdrawn status Lost status Source of classification or shelving scheme Damaged status Not for loan Collection code Home library Current library Shelving location Date acquired Vendor Name Cost, normal purchase price SGTU Bill Number Full call number Accession No. (Barcode) Date last seen Bill Date Koha item type
    Dewey Decimal Classification     AYURVEDA SGT FA-FP Library SGT FA-FP Library Text Book 26/03/2016 CHAUKHAMBHA 1500.00 SGTU CP/B/776 612.015 R12S FA4533 26/03/2016 05/01/2016 Books
    Dewey Decimal Classification     AYURVEDA SGT FA-FP Library SGT FA-FP Library Text Book 26/03/2016 CHAUKHAMBHA 1500.00 SGTU CP/B/776 612.015 R12S FA4534 26/03/2016 05/01/2016 Books
    Dewey Decimal Classification     AYURVEDA SGT FA-FP Library SGT FA-FP Library Text Book 26/03/2016 CHAUKHAMBHA 1500.00 SGTU CP/B/776 612.015 R12S FA4535 26/03/2016 05/01/2016 Books
    Dewey Decimal Classification     AYURVEDA SGT FA-FP Library SGT FA-FP Library Text Book 26/03/2016 CHAUKHAMBHA 1500.00 SGTU CP/B/776 612.015 R12S FA4536 26/03/2016 05/01/2016 Books